000 00481nam a2200193 4500
003 LK-CoMWRAF
005 20230909182051.0
008 230909b2003 |||||||| |||| 00| 0 eng d
020 _a9558095818
040 _aLK-CoMWRAF
_dLK-CoMWRAF
_eLK-CoMWRAF
041 _aeng
082 _a823
_bABE
100 _aAbey, Daisy
245 _aLike the Wind
260 _aColombo :
_bVijitha yapa publications
_c2003
300 _a 334p. ; 21cm
650 _a English fiction
942 _cBK
999 _c3524
_d3524